Textbook Of Clinical Medicine For Dental Student (Record no. 20833)
[ view plain ]
| 000 -LEADER | |
|---|---|
| fixed length control field | 00366nam a22001577a 4500 |
| 003 - CONTROL NUMBER IDENTIFIER | |
| control field | SGT |
| 020 ## - INTERNATIONAL STANDARD BOOK NUMBER | |
| International Standard Book Number | 978-8178558332 |
| 082 ## - DEWEY DECIMAL CLASSIFICATION NUMBER | |
| Classification number | 610 |
| Item number | T20C |
| 100 ## - MAIN ENTRY--PERSONAL NAME | |
| Personal name | CHUGH SN |
| 245 ## - TITLE STATEMENT | |
| Title | Textbook Of Clinical Medicine For Dental Student |
| 250 ## - EDITION STATEMENT | |
| Edition statement | 5TH |
| 260 ## - PUBLICATION, DISTRIBUTION, ETC. (IMPRINT) | |
| Place of publication, distribution, etc | NEW DELHI |
| Name of publisher, distributor, etc | ARYA PUBLISHER |
| Year of Publication | 2020 |
| 300 ## - PAGE DESCRIPTION | |
| No. of Pages | 1-629 |
| 650 ## - SUBJECT ADDED ENTRY--TOPICAL TERM | |
| Topical term or geographic name as entry element | MEDICINE |
| 942 ## - ADDED ENTRY ELEMENTS (KOHA) | |
| Source of classification or shelving scheme | Dewey Decimal Classification |
| Koha item type | Books |
| 942 ## - ADDED ENTRY ELEMENTS (KOHA) | |
| -- | 131 |
| Withdrawn status | Lost status | Source of classification or shelving scheme | Damaged status | Not for loan | Home library | Current library | Shelving location | Date acquired | Vendor Name | Cost, normal purchase price | SGTU | Bill Number | Total Checkouts | Total Renewals | Full call number | Accession No. (Barcode) | Checked out | Date last seen | Date last borrowed | Bill Date | Koha item type |
|---|---|---|---|---|---|---|---|---|---|---|---|---|---|---|---|---|---|---|---|---|---|
| Dewey Decimal Classification | SGT Dental Library | SGT Dental Library | Text Book | 26/02/2021 | AHUJA BOOK COMPANY | 995.00 | SGTU | 12616 | 61 | 1 | 610 T20C | FD8117 | 03/06/2026 | 20/05/2026 | 20/05/2026 | 27/01/2021 | Books | ||||
| Dewey Decimal Classification | SGT Dental Library | SGT Dental Library | Text Book | 26/02/2021 | AHUJA BOOK COMPANY | 995.00 | SGTU | 12616 | 62 | 610 T20C | FD8118 | 01/06/2026 | 20/05/2026 | 27/01/2021 | Books | ||||||
| Dewey Decimal Classification | SGT Dental Library | SGT Dental Library | Text Book | 26/02/2021 | AHUJA BOOK COMPANY | 995.00 | SGTU | 12616 | 48 | 610 T20C | FD8119 | 26/12/2025 | 25/12/2025 | 27/01/2021 | Books |